00321nam a2200121Ia 4500008004100000100001700041245008600058260001200144260001100156260000900167300000700176650001600183160117s9999 xx 000 0 und d aAttanayake,D aFatty Acid Profiles in Persea americana And Anacardium Occidentale from Sri lanka aColombo bIchemc c2009 a25 aFatty Acid